00758nam a2200169 a 450000100100000000500170001000800410002704000250006824501290009326000340022230000210025649000380027770000330031583000450034895201780039399900170057100004016620201002033946.0130812s1966 sp 000 0 spa d aDO-SdBNPbspacBNPHU00aPoesía en movimiento :bMéxico, 1915-1966 /cselección y notas de Octavio Paz ... [et al.] ; prólogo de Octavio Paz. aMéxico :bSiglo XXI,c1966. a476 p. ;c19 cm.1 aLa Creación literaria. Poesía1 aPaz, Octaviovpról.950324 0aLa Creación literaria. Poesía966440 001050718MOaGRbGRcCTd2013-08-12iLF1l0o p40166-10r2020-06-25w2020-06-25y1zPerteneció a la biblioteca personal de Aída Cartagena PortalatínZNo se presta c39656d39656